MARC

LEADER 00000nam a2200000 4500
001 678499
005 20250206170152.0
090 |a 678499 
100 |a 20250206d1979 k||y0rusy50 ca 
101 0 |a rus 
102 |a MD 
105 |a a z 001yy 
181 0 |a i   |b  e  
182 0 |a n 
183 0 |a nc  |2 RDAcarrier 
200 1 |a Применение конденсаторов в электронных и электротехнических установках  |e сборник трудов  |f Отдел энергетической кибернетики АН МССР 
203 |a Текст  |b визуальный  |c непосредственный 
210 |a Кишинев  |c Штиинца  |d 1979 
215 |a 87 с.  |c ил. 
283 |a volume  |2 RDAcarrier 
320 |a Библиография в конце статей 
606 1 |a Конденсаторы  |x Эксплуатация  |9 41548 
610 1 |a коммутирующие конденсаторы 
610 1 |a переменный ток 
610 1 |a маломощные конденсаторы 
610 1 |a электрические конденсаторы 
610 1 |a металлобумажные конденсаторы 
675 |a 621.319.4  |v 4 
712 0 2 |a Академия наук Молдавской ССР  |c (Кишинев)  |c (1961-1991)  |4 570  |9 23178  |b Отдел энергетической кибернетики 
801 0 |a RU  |b 63413507  |c 20250206 
830 |a Ретро2025Каталогизация Мотырева 
850 |a 63413507 
942 |c BK